01443nab a22002537a 4500003000400000005001700004008004100021040000700062100002000069245009900089260007300188300001500261500003600276505027400312505007800586505016600664505008100830650001800911650002300929650002500952650004300977700002101020773014801041OSt20260205105639.0190429b xxu||||| |||| 00| 0 spa d cPJ aMaggio, Facundo10aSobre la literalidad del concepto de la prisión perpetua /cFacundo Maggio, Lucas M. Maggio. cCiudad Autónoma de Buenos Aires :aThomson Reuters La Ley, b2024. ap. 227-229 aCita: TR LALEY AR/DOC/858/2024. aSumario: I. Introducción.— II. Decisión de la Corte de Justicia de Salta. Constitucionalidad de la prisión perpetua.— III. Posición de la defensa. Recurso Extraordinario Federal.— IV. La posición de la CS. Disidencia Dr. Rosenkrantz.— V. Conclusiones. aFallo comentado: Trib. Impug. Sala III ~ 03/02/2016 ~ L., G. y otros.  aFallo comentado: CS ~ 07/12/2023 ~ Lasi, Gustavo Orlando y otros s/ delito de doble homicidio calificado criminis causa, abuso sexual agravado y robo calificado. tSi te interesa el texto completo, solicitalo a koha@justierradelfuego.gov.ar 0aDERECHO PENAL 0aPRISIÓN PERPETUA 0aLIBERTAD CONDICIONAL 0aCORTE SUPREMA DE JUSTICIA DE LA NACION aMaggio, Lucas M.0 02658tRevista de derecho penal y criminología. Nº 4 - Mayo 2024dCiudad Autónoma de Buenos Aires : Thomson Reuters La Ley, 2017-x00347914